000 00917nam a22002535i 4500
001 164891
003 ES-MaACL
005 20230906213028.0
008 050811s1845 fr | |||||||| ||fre d
040 _aCAM
_bspa
_cCAM
100 1 _aSchelling, Friedrich Wilhelm Joseph.
_9104293
245 1 0 _aBruno ou Du principe divin et naturel des choses /
_cpar F.-W.-J. de Schelling ; traduit de l'allemand par C. Husson.
260 _aParis :
_bLibrairie Germer Baillière,
_c[s.a.] (
_fImprimerie de E. Martinet)
300 _a259 p. ;
_c22 cm.
596 _aLa BN Opale-plus lo fecha ca. 1845.
700 1 _aHusson, C.,
_etrad.
_9128102
700 1 _aMartinet, E.,
_eimp.
_9129570
710 1 _aBaillière, Germer,
_eed.
_9188173
740 0 _aDu principe divin et naturel.
752 _aFrancia -
_dParís
852 _aES-MaACL
_jF-6565
_z-- Enc. pasta española
999 _c164891
_d164891